Technology for teaching and learning 2/ (Record no. 6251)
[ view plain ]
| 000 -LEADER | |
|---|---|
| fixed length control field | 00634nam a22001937a 4500 |
| 003 - CONTROL NUMBER IDENTIFIER | |
| control field | OSt |
| 005 - DATE AND TIME OF LATEST TRANSACTION | |
| control field | 20251125114842.0 |
| 008 - FIXED-LENGTH DATA ELEMENTS--GENERAL INFORMATION | |
| fixed length control field | 251125b |||||||| |||| 00| 0 eng d |
| 020 ## - INTERNATIONAL STANDARD BOOK NUMBER | |
| International Standard Book Number | 978-621-8035-89-8 |
| 040 ## - CATALOGING SOURCE | |
| Original cataloging agency | DWC-Main lib |
| Transcribing agency | OC |
| 082 ## - DEWEY DECIMAL CLASSIFICATION NUMBER | |
| Classification number | Fil. 371.33 E77t 2020 |
| 100 ## - MAIN ENTRY--PERSONAL NAME | |
| Personal name | Espique, Felina P. |
| 245 ## - TITLE STATEMENT | |
| Title | Technology for teaching and learning 2/ |
| Statement of responsibility, etc. | Felina P. Espique |
| 260 ## - PUBLICATION, DISTRIBUTION, ETC. | |
| Place of publication, distribution, etc. | Quezon City : |
| Name of publisher, distributor, etc. | Lorimar Publishing , |
| Date of publication, distribution, etc. | c2020. |
| 300 ## - PHYSICAL DESCRIPTION | |
| Extent | xxv , 154 pages : |
| Other physical details | illustrations ; |
| Dimensions | 25cm. |
| 650 ## - SUBJECT ADDED ENTRY--TOPICAL TERM | |
| Topical term or geographic name entry element | 1. Computer-- assisted instruction |
| 650 ## - SUBJECT ADDED ENTRY--TOPICAL TERM | |
| Topical term or geographic name entry element | 2. Instructional system-- design |
| 942 ## - ADDED ENTRY ELEMENTS (KOHA) | |
| Source of classification or shelving scheme | Dewey Decimal Classification |
| Koha item type | Book-Filipiniana |
| Call number prefix | Fil. |
| Suppress in OPAC | No |
| 952 ## - LOCATION AND ITEM INFORMATION (KOHA) | |
| -- | |
| 952 ## - LOCATION AND ITEM INFORMATION (KOHA) | |
| -- | |
| 952 ## - LOCATION AND ITEM INFORMATION (KOHA) | |
| -- | |
| 952 ## - LOCATION AND ITEM INFORMATION (KOHA) | |
| -- | |
| 952 ## - LOCATION AND ITEM INFORMATION (KOHA) | |
| -- | |
| 952 ## - LOCATION AND ITEM INFORMATION (KOHA) | |
| -- | |
| 952 ## - LOCATION AND ITEM INFORMATION (KOHA) | |
| -- | |
| Withdrawn status | Lost status | Source of classification or shelving scheme | Damaged status | Not for loan | Home library | Current library | Shelving location | Date acquired | Source of acquisition | Cost, normal purchase price | Total Checkouts | Full call number | Barcode | Date last seen | Copy number | Price effective from | Koha item type | Uniform Resource Identifier |
|---|---|---|---|---|---|---|---|---|---|---|---|---|---|---|---|---|---|---|
| Dewey Decimal Classification | College Library | College Library | Filipiniana | 07/08/2021 | School Fund | 380.00 | Fil. 371.33 E77t 2020 | CL52906 | 11/25/2025 | c7 | 11/25/2025 | BK - FIL | ||||||
| Dewey Decimal Classification | College Library | College Library | Filipiniana | 07/08/2021 | School Fund | 380.00 | Fil. 371.33 E77t 2020 | CL52905 | 11/25/2025 | c6 | 11/25/2025 | BK - FIL | ||||||
| Dewey Decimal Classification | College Library | College Library | Filipiniana | 02/24/2021 | School Fund | 380.00 | Fil. 371.33 E77t 2020 | CL52697 | 11/25/2025 | c1 | 11/25/2025 | BK - FIL | ||||||
| Dewey Decimal Classification | College Library | College Library | Filipiniana | 02/24/2021 | School Fund | 380.00 | Fil. 371.33 E77t 2020 | CL52698 | 11/25/2025 | c2 | 11/25/2025 | BK - FIL | ||||||
| Dewey Decimal Classification | College Library | College Library | Filipiniana | 02/24/2021 | School Fund | 380.00 | Fil. 371.33 E77t 2020 | CL52794 | 11/25/2025 | c3 | 11/25/2025 | BK - FIL | ||||||
| Dewey Decimal Classification | College Library | College Library | Filipiniana | 02/24/2021 | School Fund | 380.00 | Fil. 371.33 E77t 2020 | CL52795 | 11/25/2025 | c4 | 11/25/2025 | BK - FIL | ||||||
| Dewey Decimal Classification | College Library | College Library | Filipiniana | 02/24/2021 | School Fund | 380.00 | Fil. 371.33 E77t 2020 | CL52796 | 11/25/2025 | c5 | 11/25/2025 | BK - FIL |